000 00350nam a2200133 i 4500
001 bg
245 0 _aAtmosfery zvezd i meżplanetnaja plazma :
_btechnika radioastronomičeskogo priema.
260 _aMoskva,
_c1972.
040 _cBPK
041 _apol
080 _a624.074:523.6:621.396
942 _cKS
008 s pl f |000 0 pol
999 _c27116
_d27116
856 _uhttp://koha.tu.koszalin.pl/cgi-bin/koha/opac-detail.pl?biblionumber=27116
_yKatalog online BPK